[Event "Oberliga Ost-A 2122"]
[Site "Germany"]
[Date "2022.06.18"]
[Round "4.4"]
[White "Noack, Marcel"]
[Black "Roemling, Sven"]
[Result "0-1"]
[WhiteElo "2031"]
[BlackElo "2203"]
[PlyCount "80"]
[EventDate "2021.10.10"]
[EventType "team-tourn"]
[EventRounds "11"]
[EventCountry "GER"]
[SourceTitle "EXT 2023"]
[Source "ChessBase"]
[SourceDate "2022.10.05"]
[SourceVersion "1"]
[SourceVersionDate "2022.10.05"]
[SourceQuality "1"]
[WhiteTeam "Magdeburg Aufbau Elbe II"]
[BlackTeam "Leipzig SG II"]
[WhiteTeamCountry "GER"]
[BlackTeamCountry "GER"]

1. e4 c6 2. d4 d5 3. Nd2 a6 4. Ngf3 Bg4 5. e5 e6 6. Nb3 Nd7 7. h3 Bh5 8. Be3 Qc7 9. g4 Bg6 10. Nh4 Be4 11. f3 Be7 12. Bf2 Bg6 13. Bg2 0-0-0 14. f4 Be4 15. Bxe4 dxe4 16. Qe2 g5 17. fxg5 Bxg5 18. Qxe4 Ne7 19. Nf3 Bh6 20. Bh4 f5 21. Qe2 Ng6 22. Bg5 Nf4 23. Qh2 Bxg5 24. Nxg5 Nxe5 25. 0-0-0 fxg4 26. Nxe6 g3 27. Nxc7 gxh2 28. Rxh2 Neg6 29. Na8 b5 30. Nc5 Nd5 31. c4 bxc4 32. Rf2 Rhf8 33. Rc2 Kb8 34. Ne6 Kxa8 35. Nxd8 Rxd8 36. Re1 Nb4 37. Rxc4 Nd3+ 38. Kd2 Nxe1 39. Kxe1 Kb7 40. h4 Rd5 0-1